[Event "British Rapidplay"]
[Site "Peterborough"]
[Date "2024.03.02"]
[Round "3"]
[White "Rich, Ben S"]
[Black "Moreby, James"]
[Result "0-1"]
[WhiteElo "1869"]
[BlackElo "2260"]
[PlyCount "82"]
[EventDate "2024.03.02"]
[EventType "swiss (rapid)"]
[EventRounds "11"]
[EventCountry "ENG"]
[SourceTitle "CB10_2024"]
[SourceDate "2024.03.06"]
[SourceVersion "1"]
[SourceVersionDate "2024.03.06"]
[SourceQuality "1"]

1. a3 g6 2. b4 Bg7 3. Nc3 d5 4. e3 e5 5. Bb2 Ne7 6. Nf3 0-0 7. Be2 Nbc6 8. d3 a6 9. Na4 Re8 10. 0-0 b6 11. c4 d4 12. Rb1 Bb7 13. Re1 Qd7 14. Bc1 Rad8 15. e4 f5 16. Qb3 Kh8 17. Ng5 Rf8 18. c5 b5 19. Nb2 h6 20. Ne6 Rf6 21. Nxd8 Nxd8 22. Bf3 Bc6 23. Qc2 g5 24. g3 g4 25. Bg2 f4 26. Bd2 Ne6 27. Rf1 h5 28. h4 Ng6 29. Rbe1 Rf7 30. Kh2 Bf6 31. Qd1 f3 32. Bh1 Bxh4 33. gxh4 Qd8 34. Bg5 Nxg5 35. hxg5 Qxg5 36. Qc1 Qh4+ 37. Kg1 Nf4 38. Nd1 Nh3+ 39. Kh2 Nxf2+ 40. Kg1 Nh3+ 41. Kh2 g3# 0-1

[Event "World-chT Rapid"]
[Site "Dusseldorf"]
[Date "2023.08.27"]
[Round "7.12"]
[White "Moreby, James"]
[Black "Sidletskyi, Ivan"]
[Result "0-1"]
[WhiteElo "2279"]
[BlackElo "2354"]
[PlyCount "68"]
[EventDate "2023.08.26"]
[EventType "team-swiss (rapid)"]
[EventRounds "12"]
[EventCountry "GER"]
[SourceTitle "CBM 215 Extra"]
[Source "ChessBase"]
[SourceDate "2023.09.30"]
[SourceVersion "1"]
[SourceVersionDate "2023.09.30"]
[SourceQuality "1"]
[WhiteTeam "The Sharks"]
[BlackTeam "Deutsche Schachjugend"]
[WhiteTeamCountry "ENG"]
[BlackTeamCountry "GER"]

1. c4 Nf6 2. Nc3 e6 3. e4 d5 4. e5 d4 5. exf6 dxc3 6. bxc3 Qxf6 7. Nf3 b6 8. d4 Bb7 9. Bd3 h6 10. Qe2 Bd6 11. Be4 c6 12. a4 Nd7 13. a5 Rb8 14. axb6 axb6 15. Ra7 0-0 16. 0-0 Qe7 17. Re1 Rfc8 18. Bd3 Nf6 19. Ne5 Ra8 20. Rxa8 Rxa8 21. Qb2 Bxe5 22. Rxe5 Nd7 23. Re1 Qd6 24. c5 Nxc5 25. dxc5 Qxd3 26. cxb6 c5 27. Be3 Qd5 28. f3 Ra2 29. c4 Qxc4 30. Qb1 Qd5 31. Rd1 Rxg2+ 32. Kh1 Rd2 33. Rxd2 Qxf3+ 34. Kg1 Qh1+ 0-1

[Event "Bruges op-A"]
[Site "Bruges"]
[Date "2022.08.19"]
[Round "9"]
[White "Moreby, James"]
[Black "Sinz, Bernhard"]
[Result "0-1"]
[WhiteElo "2300"]
[BlackElo "2311"]
[PlyCount "72"]
[EventDate "2022.08.13"]
[EventType "swiss"]
[EventRounds "9"]
[EventCountry "BEL"]
[SourceTitle "CBM 209 Extra"]
[Source "ChessBase"]
[SourceDate "2022.09.30"]
[SourceVersion "1"]
[SourceVersionDate "2022.09.30"]
[SourceQuality "1"]

1. d4 f5 2. e4 fxe4 3. f3 d5 4. fxe4 dxe4 5. Nc3 Nf6 6. Bg5 Nc6 7. Bb5 Bd7 8. Nge2 a6 9. Ba4 b5 10. Bb3 Na5 11. Bxf6 Nxb3 12. Bxg7 Bxg7 13. axb3 0-0 14. Qd2 Qe8 15. Qg5 Rf5 16. Qg3 c5 17. 0-0-0 Bc6 18. d5 Bb7 19. Rhf1 Rxf1 20. Rxf1 b4 21. Nxe4 Bxd5 22. Qd3 Rd8 23. Nf4 Bf7 24. Qh3 Qb5 25. Re1 c4 26. Ne6 Bxb2+ 27. Kb1 Qa5 28. Qg3+ Kh8 29. Kxb2 Bxe6 30. Ng5 c3+ 31. Kb1 Bxb3 32. cxb3 c2+ 33. Kc1 Qa3+ 34. Kxc2 Qa2+ 35. Kc1 Rc8+ 36. Kd1 Qc2# 0-1